[Event "Camaguey-A"]
[Site "Camaguey"]
[Date "2010.02.07"]
[Round "10"]
[White "Garcia Martinez, Omar"]
[Black "Diaz Quesada, George"]
[Result "1-0"]
[WhiteElo "2326"]
[BlackElo "2162"]
[PlyCount "43"]
[EventDate "2010.02.02"]
[EventType "tourn"]
[EventRounds "11"]
[EventCountry "CUB"]
[SourceTitle "CBM 135 Extra"]
[Source "ChessBase"]
[SourceDate "2010.05.04"]
[SourceVersion "1"]
[SourceVersionDate "2010.05.04"]
[SourceQuality "1"]

1. e4 c5 2. Nf3 d6 3. d4 cxd4 4. Nxd4 Nf6 5. Nc3 g6 6. Be3 Bg7 7. f3 0-0 8. Qd2 Nc6 9. 0-0-0 Nxd4 10. Bxd4 Be6 11. Kb1 Qc7 12. g4 Rfc8 13. h4 Qa5 14. a3 Rab8 15. h5 b5 16. hxg6 hxg6 17. Qg5 Qc7 18. e5 dxe5 19. Bxe5 Qc5 20. Bxf6 Bxf6 21. Rd8+ Rxd8 22. Qxc5 1-0

[Event "Camaguey Province-ch"]
[Site "Camaguey"]
[Date "2009.11.10"]
[Round "2"]
[White "Hechavarria Puga, Ernesto"]
[Black "Diaz Quesada, George"]
[Result "1-0"]
[WhiteElo "2080"]
[BlackElo "2161"]
[PlyCount "89"]
[EventDate "2009.11.02"]
[EventType "tourn"]
[EventRounds "18"]
[EventCountry "CUB"]
[EventCategory "1"]
[SourceTitle "EXT 2012"]
[Source "ChessBase"]
[SourceDate "2011.11.24"]
[SourceVersion "1"]
[SourceVersionDate "2011.11.24"]
[SourceQuality "1"]

1. e4 c5 2. Nf3 d6 3. d4 cxd4 4. Nxd4 Nf6 5. Nc3 g6 6. Be3 Bg7 7. f3 0-0 8. Qd2 Nc6 9. Bc4 Ne5 10. Bb3 Bd7 11. h4 a5 12. a4 Qc8 13. Bh6 Nc4 14. Bxc4 Bxh6 15. Qxh6 Qxc4 16. Qd2 Qb4 17. 0-0-0 Rfc8 18. g4 Ra6 19. Ndb5 Bxb5 20. axb5 Raa8 21. g5 a4 22. Nb1 Qxd2+ 23. Rxd2 Nd7 24. h5 Rc5 25. hxg6 fxg6 26. Rdh2 Nf8 27. f4 Rxb5 28. Nc3 Rc5 29. Nd5 Re8 30. Kd2 Kf7 31. Kd3 b5 32. c3 Kg7 33. Rh6 Kf7 34. R6h2 Ke6 35. b3 axb3 36. Rb2 Rc4 37. Rxb3 Nd7 38. Rxb5 Rcc8 39. Rxh7 Nc5+ 40. Ke3 Rc6 41. Rg7 Rcc8 42. Ra5 Rc6 43. Rxg6+ Kf7 44. Rh6 Na6 45. f5 1-0

[Event "Camaguey Province-ch"]
[Site "Camaguey"]
[Date "2009.11.08"]
[Round "1"]
[White "Robaina Hernandez, Carlos"]
[Black "Diaz Quesada, George"]
[Result "0-1"]
[WhiteElo "2180"]
[BlackElo "2161"]
[PlyCount "90"]
[EventDate "2009.11.02"]
[EventType "tourn"]
[EventRounds "18"]
[EventCountry "CUB"]
[EventCategory "1"]
[SourceTitle "EXT 2012"]
[Source "ChessBase"]
[SourceDate "2011.11.24"]
[SourceVersion "1"]
[SourceVersionDate "2011.11.24"]
[SourceQuality "1"]

1. e4 c5 2. g3 Nc6 3. Bg2 g6 4. Ne2 Bg7 5. 0-0 e6 6. f4 Nge7 7. Nbc3 d6 8. d3 0-0 9. g4 f5 10. gxf5 exf5 11. Ng3 Rb8 12. Be3 Nd4 13. Rb1 Be6 14. Nce2 Bxa2 15. Bxd4 cxd4 16. Ra1 Be6 17. exf5 Nxf5 18. Nxf5 Rxf5 19. Rxa7 Qb6 20. Qa1 Rc5 21. Ra8 Rxa8 22. Qxa8+ Rc8 23. Qxb7 Qxb7 24. Bxb7 Rxc2 25. Ng3 Rxb2 26. Be4 d5 27. Bg2 Rd2 28. f5 Bf7 29. f6 Bh6 30. Ra1 Rxd3 31. Ra8+ Bf8 32. Ne2 Rd2 33. Bf3 g5 34. Ng3 Be6 35. Nf5 Kf7 36. Bh5+ Kxf6 37. Rxf8+ Ke5 38. Ng3 d3 39. Rf1 Bh3 40. Rf2 Rc2 41. Rxc2 dxc2 42. Ne2 d4 43. Nc1 Ke4 44. Kf2 d3 45. Nb3 Be6 0-1

[Event "Camaguey Province-ch sf"]
[Site "Camaguey"]
[Date "2009.08.28"]
[Round "14"]
[White "Diaz Quesada, George"]
[Black "Hechavarria Puga, Ernesto"]
[Result "1/2-1/2"]
[WhiteElo "2161"]
[BlackElo "2080"]
[PlyCount "84"]
[EventDate "2009.08.15"]
[EventType "tourn"]
[EventRounds "17"]
[EventCountry "CUB"]
[EventCategory "1"]
[SourceTitle "EXT 2012"]
[Source "ChessBase"]
[SourceDate "2011.11.24"]
[SourceVersion "1"]
[SourceVersionDate "2011.11.24"]
[SourceQuality "1"]

1. e4 c5 2. Nc3 Nc6 3. f4 e6 4. Nf3 a6 5. g3 d5 6. d3 Nf6 7. Bg2 dxe4 8. Nxe4 Nxe4 9. dxe4 Qxd1+ 10. Kxd1 b6 11. c3 Bb7 12. Re1 Be7 13. Kc2 h6 14. h4 0-0-0 15. Be3 Kc7 16. Nd2 Rhe8 17. a3 Rd7 18. b4 Red8 19. Re2 Na7 20. Nc4 Nc6 21. Nd2 Na7 22. Rb1 Bc6 23. e5 Bxg2 24. Rxg2 Nb5 25. Nc4 Rd3 26. Rb3 Na7 27. Bd4 R3xd4 28. cxd4 Rxd4 29. Nd6 c4 30. Rc3 Bxd6 31. exd6+ Kxd6 32. Rd2 Rxd2+ 33. Kxd2 b5 34. g4 Nc6 35. Ke3 Ne7 36. Rc1 Nd5+ 37. Ke4 Nf6+ 38. Kf3 Nd5 39. h5 e5 40. fxe5+ Kxe5 41. Re1+ Kd4 42. Rd1+ Ke5 1/2-1/2

[Event "Camaguey Province-ch sf"]
[Site "Camaguey"]
[Date "2009.08.18"]
[Round "5"]
[White "Diaz Quesada, George"]
[Black "Torres Delgado, Walfrido"]
[Result "1-0"]
[WhiteElo "2161"]
[BlackElo "2003"]
[PlyCount "47"]
[EventDate "2009.08.15"]
[EventType "tourn"]
[EventRounds "17"]
[EventCountry "CUB"]
[EventCategory "1"]
[SourceTitle "EXT 2012"]
[Source "ChessBase"]
[SourceDate "2011.11.24"]
[SourceVersion "1"]
[SourceVersionDate "2011.11.24"]
[SourceQuality "1"]

1. e4 e6 2. d3 d5 3. Qe2 dxe4 4. dxe4 Nc6 5. c3 e5 6. Nf3 Nf6 7. g3 Bg4 8. Bg2 Bd6 9. 0-0 0-0 10. Nbd2 a6 11. Nc4 b5 12. Ne3 Qd7 13. Nxg4 Qxg4 14. h3 Qc8 15. Nh4 Re8 16. Bg5 Qe6 17. Nf5 Bf8 18. h4 g6 19. Ne3 Nh5 20. Nd5 Bd6 21. Bf3 f6 22. Bxh5 fxg5 23. Bg4 Qf7 24. hxg5 1-0

[Event "Cardenas Cup 3rd"]
[Site "Cardenas"]
[Date "2007.05.03"]
[Round "11"]
[White "Diaz Quesada, George"]
[Black "Acosta Pedroso, Gerardo"]
[Result "1-0"]
[WhiteElo "2159"]
[BlackElo "2194"]
[PlyCount "123"]
[EventDate "2007.04.28"]
[EventType "tourn"]
[EventRounds "18"]
[EventCountry "CUB"]
[SourceTitle "EXT 2019"]
[Source "ChessBase"]
[SourceDate "2018.10.10"]
[SourceVersion "1"]
[SourceVersionDate "2018.10.10"]
[SourceQuality "1"]

1. e4 e6 2. d3 d5 3. Qe2 Nc6 4. Nf3 Nf6 5. g3 dxe4 6. dxe4 Nd4 7. Nxd4 Qxd4 8. Bg2 e5 9. 0-0 Qb6 10. h3 Be7 11. Nd2 Be6 12. b3 0-0 13. Bb2 Bd6 14. Nc4 Bxc4 15. Qxc4 Rfe8 16. a4 a6 17. a5 Qb5 18. Qxb5 axb5 19. Ra2 Ra7 20. Rfa1 Rea8 21. c3 Kf8 22. Bc1 Ra6 23. Be3 Rc6 24. Bd2 Bc5 25. b4 Be7 26. f3 Ne8 27. Bf1 Nd6 28. Be1 Ke8 29. Rd1 Bg5 30. Rd5 Be3+ 31. Kg2 f6 32. Bxb5 Nxb5 33. Rxb5 b6 34. Re2 Bc1 35. axb6 cxb6 36. Rc2 Be3 37. Kf1 Ra1 38. Ke2 h5 39. Bf2 Bxf2 40. Kxf2 h4 41. gxh4 Rd1 42. c4 Rd4 43. c5 bxc5 44. bxc5 Rd7 45. Rb6 Rcc7 46. c6 Rd6 47. Kg3 Kf8 48. Rb8+ Ke7 49. Rb7 Kd8 50. Rb6 Ke7 51. Kg4 Ke6 52. Kh5 Rd8 53. Rb7 Rh8+ 54. Kg4 Kd6 55. Ra2 Kxc6 56. Rxc7+ Kxc7 57. Ra7+ Kd6 58. Rxg7 Ke6 59. h5 Rh6 60. Rg6 Rh8 61. h6 Ra8 62. h7 1-0

[Event "Cardenas Cup 3rd"]
[Site "Cardenas"]
[Date "2007.04.29"]
[Round "4"]
[White "Alonso Bouza, Julio Javier"]
[Black "Diaz Quesada, George"]
[Result "1-0"]
[WhiteElo "2142"]
[BlackElo "2159"]
[PlyCount "101"]
[EventDate "2007.04.28"]
[EventType "tourn"]
[EventRounds "18"]
[EventCountry "CUB"]
[SourceTitle "EXT 2019"]
[Source "ChessBase"]
[SourceDate "2018.10.10"]
[SourceVersion "1"]
[SourceVersionDate "2018.10.10"]
[SourceQuality "1"]

1. e4 c5 2. Nf3 Nc6 3. d4 cxd4 4. Nxd4 g6 5. Nc3 Bg7 6. Be3 Nf6 7. Bc4 0-0 8. Bb3 d6 9. f3 Bd7 10. Qd2 Qa5 11. 0-0-0 Rfc8 12. Kb1 Ne5 13. g4 b5 14. Nce2 Qc7 15. g5 Ne8 16. h4 Nc4 17. Bxc4 bxc4 18. c3 Rab8 19. h5 Qa5 20. hxg6 hxg6 21. Nc1 Rc7 22. Rh2 Rcb7 23. Rdh1 Rxb2+ 24. Qxb2 Rxb2+ 25. Kxb2 Nc7 26. Nce2 Na6 27. Rb1 Nc5 28. Ka1 Nb3+ 29. Kb2 Nc5 30. Ka1 f5 31. gxf6 exf6 32. Rb8+ Kf7 33. Rh7 g5 34. Nf5 Bxf5 35. exf5 Qc7 36. Rb1 Kg8 37. Rh2 Qa5 38. Rb8+ Bf8 39. Bd4 Nb3+ 40. Kb2 d5 41. Bxf6 Qa3+ 42. Kb1 Kf7 43. Bd8 Nd2+ 44. Kc2 Qxa2+ 45. Rb2 Qa3 46. Rh7+ Kg8 47. Rbb7 Qb3+ 48. Kxd2 Qa2+ 49. Ke1 Qa1+ 50. Kf2 Bc5+ 51. Kg2 1-0